[Event "Harkany Tenkes Cup"]
[Site "Harkany"]
[Date "1989.11.17"]
[Round "4"]
[White "Enders, Peter"]
[Black "Sveshnikov, Evgeny"]
[Result "1-0"]
[WhiteElo "2460"]
[BlackElo "2485"]
[Annotator "Kruszynski,W"]
[PlyCount "81"]
[EventDate "1989.11.14"]
[EventType "swiss"]
[EventRounds "11"]
[EventCountry "HUN"]
[SourceTitle "EXT 2012"]
[Source "ChessBase"]
[SourceDate "2011.11.24"]
[SourceVersion "1"]
[SourceVersionDate "2011.11.24"]
[SourceQuality "1"]

{SCHACH Magazin64 1/1990 Seite 10} 1. e4 c5 2. Nf3 Nc6 3. d4 cxd4 4. Nxd4 e5 5.
Nb5 d6 {[#]} 6. Bc4 Be7 7. O-O Be6 8. Bxe6 fxe6 9. Qh5+ g6 10. Qh3 a6 11. N5a3
Nf6 (11... Qd7 {deckt e6, erlaubt aber} 12. Nc4 {(drohend Sb6)} Rd8 13. Rd1 {
mit unangenehmem Druck.}) 12. Qxe6 Nd4 13. Qh3 Ne2+ 14. Kh1 Nxc1 {[#]} 15. Qe3
$1 ({Nach} 15. Rxc1 Nxe4 {nebst ...Dd7 und kurzer oder langer Rochade scheint
Schwarz ganz passabel zu stehen. Deshalb wählt Enders eine komplizierte
Variante, in der er die Qualität opfern muss, dafür allerdings viel Spiel
erhält.}) 15... Ng4 16. Qxc1 Qb6 17. f3 Nf2+ 18. Rxf2 Qxf2 19. Nc3 O-O 20. Nd5
Bh4 $6 21. Qd1 Rac8 22. Qd3 b5 23. Rf1 Qc5 24. c3 Rf7 25. g3 Bd8 26. Kg2 Rb7 $2
27. f4 $1 a5 28. f5 b4 29. Nc2 bxc3 30. bxc3 Rf7 31. Nce3 Bg5 32. fxg6 hxg6 33.
Rxf7 Kxf7 34. Qa6 $3 {[#]Ein sehr starker Zug.} Kg8 (34... Bxe3 {scheitert an}
35. Qb7+ {mit Damengewinn:} Kg8 (35... Kf8 36. Qe7+ Kg8 37. Nf6+ Kh8 38. Qh7#)
36. Nf6+ Kf8 (36... Kh8 37. Qh7#) 37. Nd7+ {nebst Sxc5}) 35. h4 $1 Bd8 36. Qe2
Rb8 37. Qg4 Rb2+ 38. Kh3 Qa7 39. Qxg6+ Qg7 40. Qxd6 Bxh4 $2 (40... Qf8 41. Qxe5
Rxa2 42. Nf5 {mit klarem Vorteil, nun ist gleich Schluß.}) 41. Nf5 1-0

[Event "Chigorin Memorial 07th"]
[Site "St Petersburg"]
[Date "1999.11.07"]
[Round "6"]
[White "Voitsekhovsky, Stanislav"]
[Black "Eljanov, Pavel"]
[Result "1-0"]
[WhiteElo "2544"]
[BlackElo "2447"]
[Annotator "Kundin,A"]
[PlyCount "91"]
[EventDate "1999.11.02"]
[EventType "swiss"]
[EventRounds "9"]
[EventCountry "RUS"]
[SourceTitle "CBM 074"]
[Source "ChessBase"]
[SourceDate "2000.02.01"]
[SourceVersion "1"]
[SourceVersionDate "2000.02.01"]
[SourceQuality "1"]

1. e4 c5 2. Nf3 Nc6 3. d4 cxd4 4. Nxd4 e5 5. Nb5 d6 6. N1c3 a6 7. Na3 Be6 8.
Nc4 b5 9. Ne3 Nf6 10. g3 Rc8 {Statictics shows that white scores excellently
in this variation, this game is not an exception.} 11. a4 $5 $146 {[%csl Ga6,
Gb5] Trying to emphasize the defects of black's last move (Rc8).} (11. Bg2 h5
$6 (11... g6 12. O-O Bg7 $14) 12. O-O h4 13. Ncd5 $16 {1-0 Shirov,A-Bareev,E/
Tilburg 1993/Inf 59/[Shirov,A] (32)}) 11... Qa5 $8 (11... b4 $2 12. Ncd5 Nxe4
13. Bxa6 $16) 12. Bg2 b4 (12... Be7 13. O-O O-O 14. Ncd5 $14) 13. Ncd5 {
[%cal Ge3c4]} Nd4 14. O-O $36 (14. Nxf6+ gxf6 15. O-O Bh6 $132) 14... Nxd5 {
Black is already behind in development and wasting more time doesn't look good.
} (14... Bxd5 15. exd5 Be7 {Makes sence, yet after} 16. Bd2 {[%cal Gc2c3]
Black faces with serious problems.}) 15. exd5 Bd7 16. b3 $1 {[%cal Ge3c4]
Securing the c4 stronghold.} Be7 17. Nc4 Qc5 $6 {The queen's place is on c7.
Now the knight on d4 is receiving all white's attention.} (17... Qc7 18. Bb2
O-O 19. f4 $14) 18. Be3 O-O 19. f4 {[%csl Gd4] Concentrating on black's main
problem - the long-lasting pin.} Bf6 (19... f6 20. Be4 $16 {[%csl Gg8][%cal
Gf4f5,Gg3g5]} f5 $6 21. fxe5 fxe4 22. Qxd4 $16) 20. Be4 {With the idea Qh5
when the time is right, or simply f5 and then g3-g4-g5. Black's main problem
is the lack of any serious counterplay.} h6 $6 (20... Rfe8 $14 {[%cal Ge8e3]
Putting some pressure on the centre.}) 21. Kh1 {Preparing fe de Bh6 and
perhaps f5 Bg5 Bg5 hg f6.} (21. f5 $2 Bg5) 21... exf4 $2 {Black cannot hold
the pressure anymore and loses material.} (21... Rce8 $142 22. Qd3 $36 {
[%cal Ga1e1]} (22. fxe5 Bxe5 23. Nxd6 $2 Qxd6 24. Bxd4 Bxg3 $17)) 22. Rxf4 $16
{[%csl Gd4]} Rfe8 23. Qd3 {[%cal Ga1d1]} Rxe4 $8 24. Qxe4 Re8 25. Bxd4 $1 (25.
Qg2 Rxe3 $1 26. Nxe3 Qc3) 25... Rxe4 26. Bxc5 Rxf4 27. gxf4 Bxa1 28. Nxd6 Bc3
29. Kg2 {[%csl Gb4][%cal Gg2f3,Gf3e4] The tactics ended and the game has
reached an endgame, won for white. He is a pawn up, his king is entering the
game quickly and his bishop is extremely strong attacking the b4 pawn. The
bishops pair cannot save black this time.} Bg4 $1 {Trying to hold the king.}
30. Nb7 $6 {[%cal Gd5d8] Giving his opponent some chances.} (30. Ne4 $1 {
Was the simplest.} Bf5 31. Nxc3 bxc3 32. d6 f6 33. Kf2 Kf7 34. Ke2 Ke6 35. Kd1
Bg4+ 36. Kc1 g5 37. fxg5 hxg5 38. Bb4 f5 39. Bxc3 f4 40. Kd2 $18) 30... Bf5 31.
Kf3 Bxc2 32. d6 Bf5 (32... Bxb3 33. d7 Bf6 34. d8=Q+ Bxd8 35. Nxd8 a5 36. Bb6
Bxa4 37. Bxa5 b3 38. Bc3 {With a winning position.}) 33. Bb6 $1 {[%cal Gb7c5]}
Kf8 34. Nc5 Ke8 35. Nxa6 Kd7 36. Bc5 Be6 37. Nb8+ $1 {The most accurate move -
the bishops ending is easily won for white.} (37. a5 $18) 37... Kc8 (37... Kd8
38. d7 Bxd7 39. Nxd7 Kxd7 40. Ke4) 38. d7+ Bxd7 39. Nxd7 Kxd7 40. Ke4 $18 {
[%csl Gb4][%cal Ga4a8]} Bd2 (40... Kc6 41. Bd4 $18) 41. Bf8 g5 (41... Bc3 42.
Kd5 $18) 42. fxg5 Bxg5 (42... hxg5 43. Kf5 $18 {[%cal Gf8h6]}) 43. Bxb4 Ke6 44.
Bc5 f5+ 45. Kf3 Kd5 46. Be3 1-0

[Event "Pamplona"]
[Site "Pamplona"]
[Date "1999.12.31"]
[Round "5"]
[White "Magem Badals, Jordi"]
[Black "Lautier, Joel"]
[Result "0-1"]
[WhiteElo "2528"]
[BlackElo "2653"]
[Annotator "Lautier,J"]
[PlyCount "84"]
[EventDate "1999.12.27"]
[EventType "tourn"]
[EventRounds "9"]
[EventCountry "ESP"]
[EventCategory "15"]
[SourceTitle "CBM 075"]
[Source "ChessBase"]
[SourceDate "2000.04.05"]
[SourceVersion "1"]
[SourceVersionDate "2000.04.05"]
[SourceQuality "1"]

1. e4 c5 2. Nf3 Nc6 3. d4 cxd4 4. Nxd4 Qc7 5. Nb5 Qb8 6. c4 Nf6 7. N5c3 e6 8.
Be2 b6 9. O-O Bb7 10. a3 Be7 11. Be3 O-O 12. b4 Rd8 13. Ra2 Ne5 $1 14. f4 Ng6
15. e5 $6 (15. Bf3 $6 Nh4 $36 {>< c4}) (15. Qd3 $142) 15... Ne8 16. c5 (16. Rd2
d6 17. exd6 Nxd6 18. g3 Qc7 (18... Rc8 19. Qb3 Nf5 (19... Qc7 20. Nb5 Nxb5 (
20... Qc6 $2 21. Bf3 Qxc4 22. Qxc4 Nxc4 23. Bxb7 Nxe3 24. Re1 Nc4 25. Rd4 $16)
21. cxb5 Bd5 22. Qb2 Bf6 23. Bd4 Bxd4+ 24. Qxd4 $11) 20. Bf2 Qc7 {/\ Qc6} 21.
Rd3 $1 {/\ Nd2} Rd8 22. Rfd1 $11) 19. Qb3 (19. Nb5 Nxb5 20. cxb5 Bf6 $15) 19...
Rac8 (19... Nf5 20. Nb5 $11) 20. Nb5 Nxb5 21. Rxd8+ (21. cxb5 $6 Rxd2 22. Nxd2
Qc3 $17 {/\ Bd5}) 21... Bxd8 (21... Rxd8 22. cxb5 Bd5 23. Qa4 Qb7 $15) 22. cxb5
Bf6 (22... Qc2 23. Qxc2 Rxc2 24. Rd1 Bf6 25. Kf2 Bd5 26. Rd2 $11) 23. Rd1 Ne7
$15) 16... bxc5 17. bxc5 $6 (17. Bxc5 $1 Bxc5+ (17... d6 18. exd6 Bxd6 (18...
Nxd6 19. Rd2 $11) 19. Bxd6 Nxd6 20. Rd2 Nf5 21. Rxd8+ Qxd8 22. Qxd8+ Rxd8 23.
g3 $11) 18. bxc5 Qc7 (18... Nh4 19. Bd3 Qc7 20. Na4 $5 $13 (20. Bxh7+ Kxh7 21.
Qh5+ Kg8 22. Qxh4 Qxc5+ 23. Qf2 Rac8 24. Rb2 $11)) 19. Qd4 Rac8 20. Na4 f6 (
20... Nh4 21. Bd3 $11) 21. exf6 Nxf6 22. Nbc3 Bc6 23. Rb2 Rb8 24. Rxb8 (24. Rb4
$11) 24... Rxb8 25. f5 $13) 17... Qc7 18. Na4 (18. Qd4 Rac8 19. Rb2 (19. Na4
Bc6 20. Nbc3 f6 21. exf6 Bxf6 22. Qc4 Ne7 $1 $15 {/\ Nd5}) 19... Ba8 $1 (19...
Nh4 20. Bd3 Nxg2 (20... Bxg2 21. Rxg2 Nxg2 22. Kxg2 {->> 20...Ng2} (22. Qe4 f5
23. Qxg2 Bxc5 24. Bxc5 Qxc5+ 25. Kh1 Qd4 $17)) 21. Rxg2 (21. Rxb7 Qxb7 22. Be4
Qb3 23. Bxg2 Bxc5 $17) 21... Bxg2 22. Kxg2 Bxc5 23. Qxc5 Qxc5 (23... Qb7+ $4
24. Be4 Qb2+ 25. Rf2 $18) 24. Bxc5 Rxc5 25. Ne4 Ra5 $15 (25... Rd5 26. Rd1))
20. Nb5 (20. Na4 f6 $15) 20... Bxc5 (20... Qxc5 21. Qd2 Qd5 (21... Qc6 22. Bf3
Qa6 23. Be2 $11) 22. Qxd5 Bxd5 23. Nxa7 Rb8 24. Rxb8 Rxb8 25. Nc3 $11) 21. Qxc5
Qxc5 22. Bxc5 Rxc5 23. Nxa7 d6 24. exd6 Nxd6 25. Nb5 Nf5 $15) 18... f6 (18...
Nh4 $6 19. Bd3 Qc6 20. Qc2 Nf5 21. Bxf5 exf5 22. Nbc3 $14) (18... Bc6 19. Nbc3
Rab8 20. Rd2 $11) 19. exf6 Nxf6 20. Nbc3 Bc6 (20... Nd5 $5 21. Nxd5 Bxd5 22.
Rd2 (22. Rb2 Bc6 (22... Bf6 23. Rb4) 23. Nc3 Qa5 24. Nb5 Rab8 $15) 22... Bc6
23. f5 (23. Nb2 Nh4 24. g3 (24. Bd3 $2 Nxg2 25. Rxg2 Bxg2 26. Kxg2 Qb7+ $19)
24... Nf5 25. Bf2 Bb7 {/\ Qc6} (25... Rab8 26. Nd3 Ba8 27. Bf3 (27. Ne5 $2 Bxc5
28. Rxd7 Rxd7 29. Qxd7 Bxf2+ 30. Rxf2 Rb1+ 31. Bf1 Qxd7 32. Nxd7 Ne3 $19) 27...
Bxf3 28. Qxf3 Rb3 $15) 26. Bb5 Bxc5 27. Rxd7 (27. Bxd7 Ne3 28. Bxe6+ Kh8 $17)
27... Rxd7 (27... Qb6 $2 28. Na4 $1 Bxf2+ 29. Rxf2 Qa5 30. Rfd2 $16) 28. Qxd7
Qxd7 (28... Bxf2+ 29. Rxf2 Qc1+ 30. Bf1 Bd5 $13) 29. Bxd7 Nd4 $1 30. Rd1 Nf3+
31. Kf1 Nxh2+ 32. Kg1 (32. Ke1 Bxa3 $17) 32... Bxf2+ 33. Kxf2 Bd5 $17) 23...
Bxa4 24. Qxa4 Bxc5 25. Bxc5 Qxc5+ 26. Kh1 exf5 27. Rxd7 Rxd7 28. Qxd7 Rf8 $15)
21. Rb2 (21. Rd2 Rab8 22. Bc4 Kh8 $15) (21. Bd3 Rab8 22. Bxg6 hxg6 23. Bd4 Qa5
$15) 21... Rab8 22. Rxb8 (22. Nb5 Qa5 $1 (22... Bxb5 23. Rxb5 Nd5 24. Qd2 $13)
23. Bd2 Qa6 24. Nbc3 Bxa4 25. Nxa4 Qc6 26. Rxb8 Rxb8 27. Qc2 Nh4 28. Bf3 Nxf3+
29. Rxf3 Ne4 $36) 22... Rxb8 23. g3 (23. Qd4 $6 Nh4 $17 {>< g2, /\ Nf5}) 23...
Nd5 24. Nxd5 Bxd5 25. Nc3 (25. f5 Ne5 $1 (25... Bb3 26. Qd4 Bf6 27. Qd6 Qxd6
28. cxd6 Bxa4 29. fxg6 $11) 26. fxe6 dxe6 $40 {/^a8-h1}) (25. Qd4 Rb3 $36)
25... Ba8 26. Na4 $6 (26. Qd4 Bf6 (26... Rb3 27. Qc4 Rb2 28. Bd4 $13) 27. Qd2 (
27. Qc4 Qb7 (27... Qc6 28. Bf3 d5 29. Qd3 Be7 30. Rc1 Rb3 $36) 28. Bf3 Qb3 29.
Qxb3 Rxb3 30. Bxa8 Rxc3 $17) 27... Ne7 $15) 26... Bc6 $17 27. Bf3 (27. Nc3 $2
Qa5 $19) (27. f5 exf5 (27... Bxa4 28. Qxa4 Bxc5 29. Bxc5 Qxc5+ 30. Kh1 Ne5 31.
fxe6 dxe6 $17) 28. Rxf5 Qa5 $17) 27... Bxa4 28. Qxa4 Bxc5 29. Bxc5 Qxc5+ 30.
Kh1 Nf8 31. Bg2 Rb2 32. Qe4 Qc2 $5 (32... Qxa3 33. f5 Qb4 $1 34. fxe6 dxe6 (
34... Qxe4 35. Bxe4 Nxe6 36. Ra1 Nc5 37. Bd5+ Kf8 38. Rxa7 $17) 35. Qf3 (35.
Qxb4 Rxb4 36. Ra1 a5 37. Kg1 Rb5 $19) (35. Qa8 a5 36. Be4 (36. Qe8 Rb1 $19)
36... g6 $19) 35... Qe7 $17) 33. Qxc2 (33. Qf3 a5 $17) 33... Rxc2 34. Rf3 Kf7
35. Kg1 Ke7 (35... a5 $142) 36. Rb3 Ra2 37. Be4 a5 38. Bb1 $2 $138 (38. h4 d5
39. Bf3 (39. Bb1 $2 Ra1 $19) 39... Nd7 $17) 38... Ra1 39. Kf2 a4 $19 40. Rb4
Rxa3 41. Ke2 Ra1 42. Kd2 a3 (42... a3 43. Bc2 (43. Be4 a2 44. Ra4 Rf1 $19)
43... Rh1 44. Ra4 Rxh2+ $19) 0-1

[Event "Brno"]
[Site "Brno"]
[Date "1993.??.??"]
[Round "9"]
[White "Leko, Peter"]
[Black "Boensch, Uwe"]
[Result "1-0"]
[WhiteElo "2555"]
[BlackElo "2525"]
[Annotator "Leko,P"]
[PlyCount "77"]
[EventDate "1993.08.??"]
[EventType "tourn"]
[EventRounds "9"]
[EventCountry "CZE"]
[EventCategory "13"]
[SourceTitle "CBM 037"]
[Source "ChessBase"]
[SourceDate "1993.12.01"]
[SourceVersion "1"]
[SourceVersionDate "1993.12.01"]
[SourceQuality "1"]

1. e4 c5 2. Nf3 Nc6 3. d4 cxd4 4. Nxd4 e5 5. Nb5 d6 6. c4 Be7 7. N1c3 a6 8. Na3
Be6 9. Be2 Nd4 10. O-O Nf6 11. Be3 Nxe2+ 12. Qxe2 O-O 13. Rfd1 Qa5 14. Bg5 $1
$146 Rfc8 15. Bxf6 Bxf6 16. Nd5 (16. Rxd6 $2 Be7 17. Rd3 Bxa3 18. bxa3 Bxc4 $19
) 16... Bg5 17. Rd3 $1 {/\ Rad1, b4; xd6} Rab8 18. b4 Qd8 19. Rad1 g6 20. Qb2
$1 h5 21. h3 h4 $1 22. Rc3 b5 (22... Kg7 $2 23. c5 $1 dxc5 24. Rxc5 Rxc5 25.
bxc5 f6 26. Nc4 $16) 23. c5 (23. cxb5 axb5 24. Rxc8 Qxc8 $10) 23... dxc5 24.
Rxc5 (24. bxc5 $4 b4 $1 $19) 24... Bf4 $2 (24... Bf6 $1 25. Nb1 Bg7 26. Nbc3
Bf8 $14) 25. Nb1 Qg5 26. Kf1 $1 (26. Kh1 Kg7 27. Nxf4 Qxf4 28. Rxe5 Qf6 $1 $13)
26... Rxc5 $5 (26... Kh7 27. Nbc3 $16) 27. bxc5 Rc8 28. Qc2 Rc6 29. Na3 $3 {
/\ Qc3, Nc2, Ncb4;} (29. Nb4 $2 Bc4+) 29... Kg7 30. Qc3 f5 31. exf5 gxf5 32.
Nc2 Bxd5 33. Rxd5 Qf6 (33... Rg6 34. Rd7+ Kh6 35. Ne1 $1 $18) 34. Rd7+ Kg6 35.
Nb4 Qe6 (35... Rc8 36. Nd5 $18) 36. Ra7 $1 (36. Nxc6 Qxd7 37. Nxe5+ Bxe5 38.
Qxe5 Qd1+ $10) 36... Qd6 37. Nxc6 Qxc6 38. Qa5 $1 Qxc5 39. Qxa6+ 1-0

[Event "Malakoff op 09th"]
[Site "Malakoff"]
[Date "2009.04.13"]
[Round "4"]
[White "Sveshnikov, Evgeny"]
[Black "Sveshnikov, Vladimir"]
[Result "1/2-1/2"]
[WhiteElo "2554"]
[BlackElo "2385"]
[Annotator "Malakoff/Primel,D"]
[PlyCount "27"]
[EventDate "2009.04.11"]
[EventType "swiss"]
[EventRounds "9"]
[EventCountry "FRA"]
[SourceTitle "EXT 2010"]
[Source "ChessBase"]
[SourceDate "2010.11.25"]
[SourceVersion "1"]
[SourceVersionDate "2010.11.25"]
[SourceQuality "1"]

1. e4 {la nulle était prévisible...} c5 2. Nf3 Nc6 3. d4 cxd4 4. Nxd4 e5 5. Nb5
d6 6. c4 Be7 7. N1c3 a6 8. Na3 Be6 9. b3 Qa5 10. Nc2 Qxc3+ 11. Bd2 Qb2 12. Bc1
Qc3+ 13. Bd2 Qb2 14. Bc1 1/2-1/2

[Event "EU-ch 12th"]
[Site "Aix les Bains"]
[Date "2011.03.30"]
[Round "8"]
[White "Iordachescu, Viorel"]
[Black "Moiseenko, Alexander"]
[Result "1-0"]
[WhiteElo "2626"]
[BlackElo "2673"]
[Annotator "Marchand,A/Primel,D"]
[PlyCount "75"]
[EventDate "2011.03.22"]
[EventType "swiss"]
[EventRounds "11"]
[EventCountry "FRA"]
[SourceTitle "CBM 142 Extra"]
[Source "ChessBase"]
[SourceDate "2011.06.27"]
[SourceVersion "1"]
[SourceVersionDate "2011.06.27"]
[SourceQuality "1"]
[TimeControl "40/5400+30:1800+30"]

1. e4 c5 2. Nf3 Nc6 3. d4 cxd4 4. Nxd4 e5 {Cette variante Kalashnikov était
trés populaire au début des années 90 mais elle est maintenant beaucoup moins
jouée а haut niveau.} 5. Nb5 d6 6. N1c3 (6. c4 {L'alternative} Be7 7. N1c3 (7.
b3 Nf6 8. Bd3 O-O (8... Bg4 9. f3 Be6 10. Be3 O-O 11. O-O Nh5 12. g3 g6 13.
N5c3 f5 $132 {Dolmatov,S (2595)-Sveshnikov,E (2560) RUS-chT Podolsk 1992 1-0})
9. O-O Bg4 10. f3 Be6 11. Be3 Nh5 $132 {[%cal Ge7g5,Gh5f4]}) 7... a6 8. Na3 Be6
(8... f5)) 6... a6 (6... Nf6 {Retombe sur une B33} 7. Bg5 a6 8. Na3 b5) 7. Na3
Be7 {Reprenant la ligne secondaire jouée а la 05ème ronde} (7... b5 {La grande
ligne}) 8. Be3 (8. Nc4 b5 9. Ne3 $14 {[%csl Gd5];Mastrovasilis,D (2584)
-Moiseenko,A (2673) EU-ch 12th Aix-Les-Bains 2011 (5) 1/2}) (8. Nd5 Nf6 9.
Nxf6+ Bxf6 10. Nc4 Be7 11. Be3 (11. Ne3 $14 {[%csl Gd5]})) 8... b5 (8... Nf6)
9. Nd5 Rb8 10. c4 b4 11. Nc2 Nf6 12. Qd3 $5 {Bd3 est plus courant} (12. Bd3 O-O
(12... Nd7) 13. b3 Nd7 14. Qd2 Nc5 15. O-O h6 16. Rfd1 a5 17. f3 Bg5 18. Bf1
Ne6 19. Qf2 Bxe3 20. Ndxe3 Ned4 21. Nxd4 Nxd4 22. f4 Qb6 23. Rac1 Qc5 24. f5 a4
25. f6 g6 26. Rd3 axb3 {Palac,M (2587)-Jankovic,A (2359)/Jahorina 2003/CBM 094
ext/0-1 (82)}) (12. f3 O-O 13. b3 (13. Be2) 13... Nd7 {[%cal Ge7g5,Gf7f5]} (
13... Nh5 {[%cal Gh5f4,Ge7g5]} 14. Qd2 Be6 (14... Nf4 $5 15. Nxf4 exf4 16. Bxf4
f5 {[%csl Re1]} 17. Be2 fxe4 18. O-O) (14... f5)) (13... Be6 14. Bd3 Nd7 15.
Qd2 a5 16. O-O Nc5 $132 {[%csl Gc5]}) 14. Qd2) 12... O-O 13. Be2 Ng4 (13... Nd7
$5 14. Nxe7+ (14. O-O Nc5 $132) 14... Qxe7 15. Rd1 Nf6 16. Qxd6 Qb7 $44 {
[%csl Rd6][%cal Gf8d8,Gf6e4]}) (13... Be6 14. O-O) 14. Bd2 Bg5 $5 {Une
manoeuvre classique dans ce genre de structure mais c'est un peu lent} 15. Rd1
{[%csl Rd6]} (15. O-O $142 {Plus simple}) 15... Nxf2 {Les Noirs auront des
compensations dans la partie avec le K Blanc bloqué а l'aile-roi et la Rh1 non
développée mais si les Blancs arrivent а sortir la Rh1, l'attaque risque de
s'essoufler rapidement.} (15... Be6 16. O-O Bxd2 17. Rxd2 Qh4) (15... f5) 16.
Kxf2 f5 {[%cal Gf5e4,Gf8f2]} 17. Kg1 fxe4 $44 {[%csl Rg1,Rh1]} 18. Qxe4 b3 (
18... Bxd2 $142 $5 19. Rxd2 Qa5 {[%cal Gb4b3,Ga5d2] La raison pour laquelle,
les Noirs ont écarté cette variante est peut-être le fait qu'il est plus
tentant d'attaquer а l'aile-roi ou se trouve le K Blanc un peu exposé} 20. Bd3
(20. b3 {[%csl Ra2]} Qxa2 $44) 20... Bf5 21. Qe3 Qxa2 22. Bxf5 Qb1+ 23. Qe1
Qxe1+ 24. Nxe1 Rxf5 25. h4 $1 {[%cal Gg1h2]}) 19. axb3 Rxb3 20. Bg4 (20. c5 $5
{[%cal Gd1d8]}) 20... Bxd2 (20... Bxg4 21. Qxg4 Bxd2 22. Rxd2 Rxb2) 21. Bxc8
Bh6 22. Be6+ Kh8 23. h4 Qe8 (23... Rxb2 24. Rh3 a5 25. Rf3 Rxf3 26. gxf3 g6 $13
{[%csl Rg1,Rh8]}) 24. Rh3 $1 {Résoud le principal problème des Blancs et le
matériel va payer} Rxb2 25. Bg4 a5 26. Rf3 Rxf3 27. Bxf3 Qb8 28. Kh2 g6 29. h5
Kg7 30. Nce3 (30. hxg6 hxg6 31. Qg4 $18 {[%csl Rc6][%cal Gg4d7]}) 30... Qd8 31.
Kg1 $18 Qg5 32. Ng4 a4 33. Nc7 Nd8 34. Ne8+ Kf8 35. Nxd6 a3 36. Qa8 Qe7 37.
Qxa3 Rd2 38. Nxh6 1-0

[Event "EU-ch 12th"]
[Site "Aix les Bains"]
[Date "2011.03.22"]
[Round "1"]
[White "Vallejo Pons, Francisco"]
[Black "Vedmediuc, Serghei"]
[Result "1/2-1/2"]
[WhiteElo "2707"]
[BlackElo "2422"]
[Annotator "Marchand,A/Primel,D"]
[PlyCount "87"]
[EventDate "2011.03.22"]
[EventType "swiss"]
[EventRounds "11"]
[EventCountry "FRA"]
[SourceTitle "CBM 142 Extra"]
[Source "ChessBase"]
[SourceDate "2011.06.27"]
[SourceVersion "1"]
[SourceVersionDate "2011.06.27"]
[SourceQuality "1"]
[TimeControl "40/5400+30:1800+30"]

1. e4 c5 2. Nf3 Nc6 3. d4 cxd4 4. Nxd4 e5 5. Nb5 d6 6. N1c3 a6 7. Na3 Be6 8.
Nc4 Nf6 9. Bg5 {01h30} Rb8 $5 (9... Rc8) 10. Nd5 {87 Les Blancs ne sont pas
trop surpris et ils jouent vite} Bxd5 11. Bxf6 {Une tentative d'amélioration
de cette ligne secondaire sera faite а la ronde 5} (11. exd5 $142 {Codenotti,M
(2262)-Antal,G (2545) EU-ch 12th Aix-les-Bains 2011 (5.132) 0-1}) 11... Qxf6
12. Qxd5 $6 (12. exd5 $142 Ne7) 12... Nb4 $1 13. Qd2 d5 $1 $132 14. exd5 Rd8
15. Ne3 {52} Bc5 {[%cal Gc5e3,Gb4d5,Ge8g8]} 16. c4 Qg6 {[%csl Rc2]} (16... O-O)
17. a3 Bxe3 18. Qxb4 {Espérant bloquer le K Noir au centre} Bd4 19. O-O-O $13 {
[%csl Rc1,Re8]} Rd6 20. Bd3 {45} (20. Qxb7 O-O $11) 20... Qg5+ 21. Qd2 {33}
Qxg2 22. Rhg1 {29} Qxh2 23. Rxg7 Rf6 24. Rf1 Rxf2 (24... h5 $5 {[%csl Gh5]})
25. Rxf2 Qxf2 26. Qxf2 Bxf2 27. b4 b6 28. d6 Be3+ 29. Kc2 Kd7 (29... Bh6 30.
Rxh7 Rxh7 31. Bxh7 $11) 30. Rxf7+ {06} Kxd6 31. Bxh7 Ke6 32. Ra7 Kf6 33. Be4
Kg5 34. Rxa6 Kf4 35. Bd5 Bd4 {[%csl Rc2] Les Noirs ont réussi а activer les
pièces} 36. Ra7 Rh3 37. Rf7+ Kg5 (37... Ke3) 38. Rg7+ Kf4 39. Rf7+ Kg5 40. a4
Ra3 41. Ra7 Kf4 42. Rf7+ Kg5 43. Ra7 Kf4 44. Rf7+ 1/2-1/2